| 000 | 00750nam a2200241 i 4500 | ||
|---|---|---|---|
| 001 | 18345 | ||
| 003 | DO-SdUEMH | ||
| 005 | 20260115194336.0 | ||
| 007 | ta | ||
| 008 | 260115b2015 dr a|||gr|||| 00| 0 spa d | ||
| 020 | _a9789945898453 | ||
| 040 |
_aDO-SdUEMH _bspa _erda |
||
| 041 | _aspa | ||
| 082 | 1 | 4 |
_mRD _bR426p |
| 245 | 1 | 0 |
_aPerfiles estadísticos provinciales: Regiones _bcibao norte - noroeste / |
| 246 |
_aCibao Norte - Noroeste : _bPerfiles estadísticos provinciales |
||
| 264 | 0 | 1 |
_aSanto Domingo : _bOficina Nacional de Estadística, _c2015 |
| 300 |
_a200 páginas : _bilustraciones ; _c28 cm. |
||
| 336 |
_2rdacontent _atexto _btxt |
||
| 337 |
_2rdamedia _asin mediación _bn |
||
| 338 |
_2rdacarrier _avolumen _bnc |
||
| 942 |
_2ddc _n0 _cBK |
||
| 999 |
_c18345 _d18345 |
||